|
|
|
|
| LEADER |
01056nam a2200229 a 4500 |
| 001 |
000432497 |
| 003 |
CZ BrMZK |
| 005 |
20001204143423.0 |
| 008 |
020715 gw ger d |
| 040 |
|
|
|a BOA001
|b cze
|
| 100 |
1 |
|
|a Sedlaczek, Rainer
|4 aut
|
| 245 |
1 |
0 |
|a Retrospektive Erhebung der Häufigkeit von Mehrfachmalignomen und familienanamnestische Evaluierung im Hinblick (...)
|h [mikrodokument] /
|c vorgelegt von Rainer Sedlaczek.
|
| 260 |
|
|
|a Erlangen-Nürnbgerg :
|b Friedrich-Alexander-Universität,
|c 1998
|
| 300 |
|
|
|a 2 mikrofiše (108 políček).
|
| 500 |
|
|
|a Na obalu vroč. 1999. - Disertace(Dr.med.)-Friedrich-Alexander-Universität, Erlangen-Nürnberg, 1998
|
| 541 |
|
|
|a Erlangen, Universitätsbibliothek
|
| 653 |
0 |
|
|a zhoubné nádory
|
| 710 |
2 |
|
|a Friedrich-Alexander-Universität Erlangen-Nürnberg.
|b Medizinische Fakultät
|7 olak2003182567
|
| 910 |
|
|
|a BOA001
|b Mfš-1069.056
|
| 962 |
|
|
|a 616-006
|
| 990 |
|
|
|a BK
|
| 996 |
6 |
|
|b 2610108323
|c Mfš-1069.056
|l Stud. periodik/2.patro
|r Sklad / do 1 hodiny
|n 0
|p vým
|w 000432497
|u 000010
|a 1
|e BOA001
|j MZK50
|s P
|